| 000 | 00635nam a2200253 a 4500 | ||
|---|---|---|---|
| 003 | AR-BaBNM | ||
| 005 | 20251128204311.0 | ||
| 008 | 082120s2002 ||||||||||||||000 | spa|| | ||
| 040 | _cAR-BaBNM | ||
| 100 | 1 | _aCalinesco, Georges | |
| 245 | 0 | 0 | _aEl enigma de Otilia |
| 260 |
_aBuenos Aires _bLosada _c1967 |
||
| 300 | _a460 p. | ||
| 490 | 0 | _aNovelistas de nuestra época | |
| 650 | 4 | _aNOVELAS | |
| 650 | 4 | _aESCRITORES | |
| 650 | 4 | _aLITERATURA CONTEMPORANEA | |
| 653 | _aLITERATURA RUMANA | ||
| 653 | _aNOVELA PSICOLOGICA | ||
| 655 | _aLITERATURA | ||
| 700 | 1 |
_aEchavarri, Luis _etraductor |
|
| 942 | _cBK | ||
| 998 | _cLAURA | ||
| 999 |
_c6941 _d6941 |
||